00643nam a2200205 i 4500001000700000003000900007007000300016008004100019020001800060080001500078080001400093080002000107100002200127245012900149260003500278300004200313500004400355700001800399852002000417102908ES-MaACLt|051216s1979 sp f ||||1| spa d a84-85534-01-8 a860-32"19" a860-6"19" a76 Gomila, Juan1 aBlanc, Felicidad.10aCuando amé a Felicidad / crelatos y cartas de Felicidad Blanc ; con diez litografías realizadas a mano, de Juan Gomila. aMadrid : bJuan Gris, c[1979] a41 p., [10] de lám. col. ; c66 cm. aEjemplar numerado de una tirada de 231.1 aGomila, Juan. aES-MaACLjGF-25